Multiple Choice City Quiz - Colmar 🇫🇷 - Statistics

General Stats
  • This quiz has been taken 10 times
  • The average score is 7 of 10
Answer Stats
Question Answer % Correct
Which French region is Colmar located in? Alsace
100%
Throughout history, Colmar frequently changed hands between which two countries? France - Germany
100%
Which world-famous artwork is displayed at the Uniterlinden Museum? Isenheim Altarpiece
100%
What is Colmar's most famous museum? Unterlinden Museum
100%
In which season are Colmar's famous Christmas markets held each year? Winter
100%
What is the name of the main square in Colmar's historic center? Place de l'Ancienne Douane
88%
The canal system in Colmar is connected to which river? Lauch
50%
In which century wast the historic Pfister House built? 16th Century
38%
During the Middle Ages, Colmar was influenced by which trade league? Hanseatic League
38%
Colmar is the adminstrative center of which French division? Arrondissement
0%
No matching quizzes found
Score Distribution
Percent of People with Each Score
Percentile by Number Answered
Your Score History
You have not taken this quiz